000 00295nam a2200121 a 4500
008 101208s1975|||| d
245 1 0 _aKošický dóm
044 _axo
_cSK
041 _aslo
020 _c69
260 _bVychodoslovenské vydavateľstvo
_aKošice
_c1975
700 1 _aBorodáč, L.
999 _c14879
_d14879